Dios y nosotros

-д хадгалсан:
Номзүйн дэлгэрэнгүй
Үндсэн зохиолч: Danielou, Jean (Зохиогч)
Формат: Ном
Хэл сонгох:испани
Хэвлэсэн: Madrid Taurus 1957
Цуврал:Ensayistas de Hoy
Нөхцлүүд:
Шошгууд: Шошго нэмэх
Шошго байхгүй, Энэхүү баримтыг шошголох эхний хүн болох!

MARC

LEADER 00000nam a2200000 a 4500
001 UCS9543
003 CL-VaPUC
008 971121e19570000SP |||||||||||||||||spa|d
082 0 4 |a 231  |b DAN  |2 21 
100 0 |a Danielou, Jean  |e author  |9 394712 
245 1 0 |a Dios y nosotros 
300 |a 194 p 
942 |c BK 
945 |d 19971121 00:00:00  |a jquezada 
260 |a Madrid  |b Taurus  |c 1957 
650 0 |a Dios   |9 266622 
650 0 |a Religiones  |9 265211 
650 0 |a Filosofía   |9 223554 
650 0 |a Razón   |9 314475 
650 0 |a Racionalismo  |9 259116 
650 0 |a Fe  |9 308036 
650 7 |a CONVERSION  |2 CL-VaPUC  |9 310975 
650 0 |a Iglesia   |9 255004 
583 |a last modification  |c 19971121 00:00:00  |k Rodrigo Vera 
490 0 |a Ensayistas de Hoy 
999 |c 263326  |d 263324 
952 |0 0  |1 0  |4 0  |6 231_000000000000000_DAN_1957  |7 0  |8 A  |9 292553  |a BIBTEO  |b BIBTEO  |d 2019-11-19  |i 3367835  |o 231 DAN 1957  |p 3367835  |r 2025-01-17  |w 2019-11-19  |y BK  |k ICR